| 000 | 00452cam a2200157 4500 | ||
|---|---|---|---|
| 020 | _a0471744409 | ||
| 040 | _cRUA | ||
| 082 | 0 | _a712 BAN 2014 A042 Or. | |
| 100 | 1 | _aRubenstein, Harvey M. | |
| 245 | 1 | 2 | _aA guide to site and environmental planning / |
| 300 |
_a190 pages : _billustrations, maps (part color), plans. ; _c29 cm. |
||
| 650 | 0 | _aLandscape architecture | |
| 650 | 0 | _aBuilding sites | |
| 650 | 0 | _aEnvironmental protection | |
| 942 | _cAEDBB | ||
| 999 |
_c20862 _d20862 |
||